| 000 | 01066nam a2200253Ia 4500 | ||
|---|---|---|---|
| 999 |
_c40666 _d40666 |
||
| 001 | 7294 | ||
| 003 | GE_BSU | ||
| 005 | 20230929130337.0 | ||
| 008 | 181216s2010ge xx |||||||||||||| ||geo|| | ||
| 020 | _a9789941102691 | ||
| 040 | _cGE_BSU | ||
| 041 | _ageo | ||
| 080 | _a005.334(075.8)+336.7(075.8) ლ-16 | ||
| 100 |
_aლაზვიაშვილი,ნინო. _913200 |
||
| 245 |
_aრისკმენეჯმენტი : _bსახელმძღვანელო / _cნინო ლაზვიაშვილი; რედ. ევგენი ბარათაშვილი. |
||
| 264 |
_aთბილისი : _bმერიდიანი, _c2010. |
||
| 300 |
_a222 გვ.: _bცხრ.; _c20 სმ. |
||
| 504 | _aბიბლიოგრაფია: გვ. 205-206. | ||
| 653 | _aრისკმენეჯმენტი | ||
| 653 | _aრისკები | ||
| 653 | _aმენეჯმენტი | ||
| 700 |
_aბარათაშვილი, ევგენი _eრედაქტორი _9734 |
||
| 942 |
_cBK _2udc |
||